La obligatoriedad del plan de igualdad tras el RDL 6/2019, de 1 de marzo

Detalles Bibliográficos
Autor principal: Fabregat Monfort, Gemma
Formato: eBook
Lenguaje:español
Publicado: Albacete: Editorial Bomarzo, 2019
Materias:
Acceso en línea:Acceso restringido

MARC

LEADER 00000nam a22000007a 4500
005 2020030203253.0
007 cr|||| ||||
008 200302s2019 es |||||s|||| 00||0 spa d
020 |a 978-84-17310-71-4 
035 |a 31051 
040 |a vLex 
090 |c 10152  |d 10152 
100 1 |a Fabregat Monfort, Gemma 
245 1 2 |a La obligatoriedad del plan de igualdad tras el RDL 6/2019, de 1 de marzo  |h [Recurso electrn̤ico] /  |c Gemma Fabregat Monfort 
256 |a Servicio en ln̕ea 
260 |a Albacete:  |b Editorial Bomarzo,  |c 2019 
300 |a 1 recurso electrn̤ico 
500 |a La presente obra estudia y analiza en profundidad la obligacin̤ empresarial de implementar un Plan de igualdad como medida garante de la igualdad real de mujeres y hombres en la empresa tras las sustanciales e importantes modificaciones introducidas en nuestro ordenamiento jurd̕ico laboral por el RDL 6/2019, de medidas urgentes para garanta̕ de la igualdad de trato y de oportunidades entre mujeres y hombres en el empleo y la ocupacin̤. 
506 1 |a Disponible solo en los productos indicados  |d vLex Global  |d vLex Global (Academic Edition, excluding Law Schools)  |d vLex Global (U.S. Academic Edition, Law Schools)  |d vLex Global (U.S. Academic Edition, excluding Law Schools)  |d vLex Global (Academic Edition, Law Schools) 
650 0 4 |a Derecho Laboral y Seguridad Social  |z Espaą 
740 0 |a vLex Libros (Servicio en ln̕ea) 
856 4 0 |u http://vlex.com/source/obligatoriedad-del-plan-de-igualdad-tras-el-rdl-6-2019-de-1-de-marzo-31051  |z Acceso restringido 
942 |c BOOK 
999 0 |a Labor law and social security